000
00414nam a2200145Ia 4500
008
100122s9999 xx 000 0 und d
082
_b
63675
_a
823
100
_a
मैथिली
245
_a
त्याची जादू
260
_b
कोमल प्रकाशन
_c
2003
300
_a
215
630
_a
त्याची जादू
730
_a
त्याची जादू
942
_c
BOOK
999
_c
437597
_d
437594